Представление документа в формате MARC21

Поле Инд. ПП Название Значение
Тип записи a
Библиографический уровень m
001 Контрольный номер 6e3e2fca-8462-46dd-ae5f-85b956354a1a
005 Дата корректировки 20131111203544.8
008 Кодируемые данные 001223 d
040 a Служба первич. каталог. НБ ТвГУ
041 a Код языка текста rus
080 a Индекс УДК 947.0.4"19"
a Индекс УДК 332.2(470.4)(091)"19"
084 a Индекс другой классификации/Индекс ББК Т3(2)52-21
090 a Полочн. индекс Т3(2)52
x Авторский знак К12
100 1_ a Автор Кабытов Петр Серафимович
245 0_ a Заглавие Аграрные отношения в Поволжье в период империализма (1900-1917 гг.)
c Ответственность П. С. Кабытов; Науч. ред. Е. И. Медведев
260 0_ a Место издания Саратов
b Издательство Саратовский гос. ун-т
c Дата издания 1982
300 a Объем 199 с.
504 a Библиография Библиогр. в примеч.: с.174-193. - Указ. имен: с.195-197.
583 k Исполнитель действия Миллер
650 a Основная рубрика Россия
x Основная подрубрика Аграрные отношения
x Основная подрубрика История
y Хронологическая подрубрика 1900-1917 гг.
650 a Основная рубрика Деревня
y Хронологическая подрубрика 20 в.
z Географическая подрубрика Поволжье
653 a Ключевые слова Аграрные отношения в Поволжье
a Ключевые слова Деревня
a Ключевые слова История Поволжья
a Ключевые слова История России
a Ключевые слова Поволжье
954 a Дата поступления на обработку 20000808